00957nam a22002055i 4500001000700000003000900007005001700016008004100033080001200074100004500086245015100131260014900282300002100431500002700452650004600479710003600525852004200561999001900603952012900622178729ES-MaACL20230906220607.0110613s1974 sp |||| | spa d a616.3661 aLópez Gallart, José María.914717410aColecistitis crónica alitiásica / cresumen de la tesis presentada para aspirar al grado de doctor en medicina por José Mª López Gallart. aBarcelona : bUniversidad de Barcelona, Secretariado de Publicaciones, Intercambio Científico y Extensión Universitaria : b[Ivern], c1974. a19 p. ; c24 cm. aCub. tomada como port. 4aVesícula biliar-xEnfermedades.91471162 aUniversidad de Barcelona.97141 aES-MaACLjE-15361 (132) xOlim P-1374 c178729d178729 00104070aATENEOMbATENEOMcDEPO2d2011-06-13eDONl0oE-15361 (132)p1187741r2023-02-23 00:00:00w2023-02-23yMONOGRAFIA